Two penny-worth of truth for a penny : or a true state of facts: with an apology for Tom Bull in a letter to brother John.

Bibliographic Details
Main Author: Jebb, Ann, 1735-1812
Format: eBook
Language:English
Edition:Second edition.
Series:Eighteenth century collections online.
Online Access:Full text online

MARC

Tag First Indicator Second Indicator Subfields
LEADER 00000cam a2200000 4500
001 in00001884809
006 m | d |
007 cr |n||||||||n
008 790719s1793 enk|||| s 00||||eng d
005 20260406225153.0
035 |a (CStRLIN)ESTCT52119 
040 |a Uk-ES  |c Uk-ES  |d Cu-RivES  |d CStRLIN  |d Thomson Gale  |d UtOrBLW 
100 1 |a Jebb, Ann,  |d 1735-1812. 
245 1 0 |a Two penny-worth of truth for a penny :  |b or a true state of facts: with an apology for Tom Bull in a letter to brother John. 
250 |a Second edition. 
264 3 |a London :  |b printed for the booksellers,  |c 1793. 
300 |a 16p. ;  |c 8⁰. 
336 |a text  |b txt  |2 rdacontent 
337 |a computer  |b c  |2 rdamedia 
338 |a online resource  |b cr  |2 rdacarrier 
500 |a Signed W- Bull, i.e. Ann Jebb. 
500 |a A reply to 'One penny-worth of truth from Thomas Bull to his brother John' by William Jones of Nayland. 
500 |a Reproduction of original from the British Library. 
510 4 |a English Short Title Catalog,  |c ESTCT52119. 
533 |a Electronic reproduction.  |b Farmington Hills, Mich. :  |c Thomson Gale,  |d 2003.  |n Available via the World Wide Web.  |n Access limited by licensing agreements  |7 s2003 miunns 
500 |a Electronic resource. 
830 0 |a Eighteenth century collections online. 
856 4 0 |u http://proxy.library.tamu.edu/login?url=https://galenet.galegroup.com/servlet/ECCO?c=1&stp=Author&ste=11&af=BN&ae=T052119&tiPG=1&dd=0&dc=flc&docNum=CW104145316&vrsn=1.0&srchtp=a&d4=0.33&n=10&SU=0LRL+OR+0LRI&locID=txshracd2898  |z Full text online  |t 0 
999 |a MARS 
999 f f |s c7db33ba-dc7c-335b-9879-0fb6802a82f8  |i 377ab66a-1b4a-3ff5-806d-14da336c7b8c  |t 0 
952 f f |a Texas A&M University  |b College Station  |c Electronic Resources  |s www_evans  |d Available Online  |t 0  |h No information provided 
998 f f |t 0  |l Available Online